000 00294nam a2200121Ia 4500
008 190216s9999||||xx |||||||||||||| ||und||
100 _aMadhusoodan Deekshith
245 0 _aHindi-Vaynjanik Athikar Yek Parijay
260 _bIndraprastha Press
300 _a104
650 _aHindi
942 _cBK
999 _c16168
_d16168